00000000nam##2200000za#4500
0019.534729
003CaOODSP
00520210615083625
007ta
008150406|2000||||xxc|||||     f|0| 0 fre|d
040 |aCaOODSP|bfre
041 |aeng
041 |afre
043 |an-cn---
0861 |aH12-30/112
1101 |aCanada.|bSanté Canada. |bDirection générale de la protection de la santé.
24510|aInfection attribuables à une décontamination inadéquate réalisée à l'aide d'unités de retraitement automatique des endoscopes (URAE)
260 |aOttawa - Ontario : |bSanté Canada.
300 |a7p. : |bréférences ; |c28 cm.
4901 |aAlerte: matériels médicaux |vN° 112, le 30 juin 2000
546 |aBilingue
563 |aDépliant
590 |a00-51|b2000-12-29
69107|aTechnologie médicale|2gcpds
69107|aMesure de sécurité|2gcpds
7760#|tInfections from endoscopes inadequately reprocessed by automatic endoscope reprocessing units |w(CaOODSP)9.588059
791 |tInfections from endoscopes inadequately reprocessed by automatic endoscope reprocessing units |eeng|w(CaOODSP)9.534728
830#0|aAlerte: matériels médicaux ;|vN° 112, le 30 juin 2000|w(CaOODSP)9.509385